ՀՀ Գիտությունների ազգային ակադեմիայի հիմնարար գիտական գրադարան  =   Fundamental Scientific Library of NAS RA

Քայլեր : (Record no. 286850)

MARC details
000 -LEADER
fixed length control field 00612nas a2200217 a 4500
001 - CONTROL NUMBER
control field 000784740
003 - CONTROL NUMBER IDENTIFIER
control field AM-YeHGA
005 - DATE AND TIME OF LATEST TRANSACTION
control field 20250618073856.0
008 - FIXED-LENGTH DATA ELEMENTS--GENERAL INFORMATION
fixed length control field 110125c19179999ai zr p 0 0arm d
040 ## - CATALOGING SOURCE
Original cataloging agency AM-YeHGA
041 0# - LANGUAGE CODE
Language code of text/sound track or separate title arm
090 ## - LOCALLY ASSIGNED LC-TYPE CALL NUMBER (OCLC); LOCAL CALL NUMBER (RLIN)
-- 288516
222 #0 - KEY TITLE
Key title Քայլեր
245 00 - TITLE STATEMENT
Title Քայլեր :
Remainder of title Հասարակական գրական աշակերտական ամսագիր.
260 ## - PUBLICATION, DISTRIBUTION, ETC.
Place of publication, distribution, etc. Ա. տ. :
Name of publisher, distributor, etc. Ա. հ.,
Date of publication, distribution, etc. 1917-.
300 ## - PHYSICAL DESCRIPTION
Extent հատոր.
362 0# - DATES OF PUBLICATION AND/OR SEQUENTIAL DESIGNATION
Dates of publication and/or sequential designation 1917-
650 04 - SUBJECT ADDED ENTRY--TOPICAL TERM
Topical term or geographic name entry element Ամսագիր
650 14 - SUBJECT ADDED ENTRY--TOPICAL TERM
Topical term or geographic name entry element Գրականություն
Form subdivision Պարբերականներ
9 (RLIN) 8507
942 ## - ADDED ENTRY ELEMENTS (KOHA)
Source of classification or shelving scheme Universal Decimal Classification
Koha item type Շարունակական պաշար / Continuing Resource
Holdings
Withdrawn status Lost status Source of classification or shelving scheme Damaged status Not for loan Collection Home library Current library Date acquired Serial enumeration / chronology Total checkouts Full call number Barcode Date last seen Price effective from Koha item type Public note Inventory number
    Universal Decimal Classification     Levonyan Individual Collection Fundamental Scientific Library Fundamental Scientific Library 29/12/2016 1917, Հ. 1, № 1   Լեվ/2328 FL0415077 29/12/2016 29/12/2016 Գրքեր / Books ILL Non-Circ.  
    Universal Decimal Classification     Levonyan Individual Collection Fundamental Scientific Library Fundamental Scientific Library 29/12/2016 1917, Հ. 1, № 2   Լեվ/2329 FL0415078 29/12/2016 29/12/2016 Գրքեր / Books ILL Non-Circ.  
    Universal Decimal Classification     Levonyan Individual Collection Fundamental Scientific Library Fundamental Scientific Library 29/12/2016 1917, Հ. 1, № 3   Լեվ/2330 FL0415079 29/12/2016 29/12/2016 Գրքեր / Books ILL Non-Circ.  
    Universal Decimal Classification     Levonyan Individual Collection Fundamental Scientific Library Fundamental Scientific Library 29/12/2016 1917, Հ. 1, № 4   Լեվ/2331 FL0415080 29/12/2016 29/12/2016 Գրքեր / Books ILL Non-Circ.  
    Universal Decimal Classification     Levonyan Individual Collection Fundamental Scientific Library Fundamental Scientific Library 29/12/2016 1917, Հ. 1, № 5-6   Լեվ/2332 FL0415081 29/12/2016 29/12/2016 Գրքեր / Books ILL Non-Circ.  
          General Fundamental Scientific Library Fundamental Scientific Library 29/12/2016 1917, Հ. 1, № 2   АЖ 434 785315-10 29/12/2016 29/12/2016 Շարունակական պաշար / Continuing Resource 30 Days Loan АЖ 434


ՀՀ ԳԱԱ հիմնարար գիտական գրադարան
ՀՀ,Երևան 0019
Մարշալ Բաղրամյան 24/6
հեռախոս:(374-10) 52-47-50
Հետադարձ կապ

All site content, except where otherwise noted, is licensed under a
Creative Commons License